000 00330nam a22001337a 4500
020 _a978-0-143-41954-9
082 _a030
_bDK/U
100 _aDORLING KINDERSLEY LIMITED
245 _aULTIMATE FAMILY VISUAL DICTIONARY
260 _aLONDON
_bDK LIMITED
_c2012
300 _a672
650 _aDICTIONARY
_zUNITED KINGDOM
942 _cBK
999 _c2152
_d2152